ARRUPE JESUIT UNIVERSITY

CORONAVIRUS -STOP THE SPREAD - CLEAN,DISINFECT,COVER

All God's dangers : (Record no. 121557)

MARC details
000 -LEADER
fixed length control field 00984cam a2200313 a 4500
001 - CONTROL NUMBER
control field 462041
003 - CONTROL NUMBER IDENTIFIER
control field ARRUPE
005 - DATE AND TIME OF LATEST TRANSACTION
control field 20150109112102.0
008 - FIXED-LENGTH DATA ELEMENTS--GENERAL INFORMATION
fixed length control field 830916t19841974nyu 001 0aeng
010 ## - LIBRARY OF CONGRESS CONTROL NUMBER
LC control number 83019828
020 ## - INTERNATIONAL STANDARD BOOK NUMBER
International Standard Book Number 0394722450 (pbk.)
040 ## - CATALOGING SOURCE
Original cataloging agency DLC
Transcribing agency DLC
Modifying agency DLC
043 ## - GEOGRAPHIC AREA CODE
Geographic area code n-us-al
050 00 - LIBRARY OF CONGRESS CALL NUMBER
Classification number HD1478.U6
Item number S5 1984
082 00 - DEWEY DECIMAL CLASSIFICATION NUMBER
Classification number 976.1/06/092
-- B
Edition number 21
300 ## - PHYSICAL DESCRIPTION
Dimensions 20 cm.
100 1# - MAIN ENTRY--PERSONAL NAME
Personal name Shaw, Nate.
9 (RLIN) 13619
245 10 - TITLE STATEMENT
Title All God's dangers :
Remainder of title the life of Nate Shaw /
Statement of responsibility, etc [compiled by] Theodore Rosengarten.
250 ## - EDITION STATEMENT
Edition statement 1st Vintage Books ed.
260 ## - PUBLICATION, DISTRIBUTION, ETC. (IMPRINT)
Place of publication, distribution, etc New York :
Name of publisher, distributor, etc Vintage Books,
Date of publication, distribution, etc 1984, c1974.
300 ## - PHYSICAL DESCRIPTION
Extent xxv, 575 p. ;
500 ## - GENERAL NOTE
General note Includes index.
600 10 - SUBJECT ADDED ENTRY--PERSONAL NAME
Personal name Shaw, Nate.
9 (RLIN) 13620
650 #0 - SUBJECT ADDED ENTRY--TOPICAL TERM
Topical term or geographic name as entry element Sharecropping
General subdivision History.
9 (RLIN) 13621
650 #0 - SUBJECT ADDED ENTRY--TOPICAL TERM
Topical term or geographic name as entry element African Americans
Geographic subdivision Alabama
Form subdivision Biography.
9 (RLIN) 13622
651 #0 - SUBJECT ADDED ENTRY--GEOGRAPHIC NAME
Geographic name Alabama
Form subdivision Biography.
9 (RLIN) 13623
700 1# - ADDED ENTRY--PERSONAL NAME
Personal name Rosengarten, Theodore.
9 (RLIN) 13624
906 ## - LOCAL DATA ELEMENT F, LDF (RLIN)
a 7
b cbc
c orignew
d 1
e ocip
f 19
g y-gencatlg
942 ## - ADDED ENTRY ELEMENTS (KOHA)
Source of classification or shelving scheme Library of Congress Classification
Koha item type Monograph ( Printed materials)
Holdings
Withdrawn status Lost status Source of classification or shelving scheme Damaged status Not for loan Collection code Home library Current library Shelving location Date acquired Total Checkouts Full call number Barcode Date last seen Price effective from Koha item type
    Library of Congress Classification     Main Collection ARRUPE LIBRARY ARRUPE LIBRARY Main Collection 09/01/2015   HD1478.U6 S5 1984 46600001809 08/05/2018 09/01/2015 Monograph ( Printed materials)

 

Arrupe Library. PO Box MP320 Mt Pleasant, Harare, Zimbabwe
263 242 745411|librarian@aju.ac.zw